| Tag |
First Indicator |
Second Indicator |
Subfields |
| LEADER |
00000cam a2200000 a 4500 |
| 001 |
in00002144621 |
| 005 |
20151103154500.0 |
| 008 |
051219s2006 nyuab 001 0deng |
| 010 |
|
|
|a 2005058860
|
| 020 |
|
|
|a 0871139391
|
| 024 |
3 |
|
|a 9780871139399
|
| 035 |
|
|
|a (OCoLC)ocm62741573
|
| 040 |
|
|
|a DLC
|c DLC
|d BAKER
|d OCO
|d IOS
|d C#P
|d BUR
|d UtOrBLW
|
| 043 |
|
|
|a n-us---
|
| 049 |
|
|
|a TXAM
|
| 050 |
0 |
0 |
|a E169
|b .C7495 2006
|
| 082 |
0 |
0 |
|a 940.53/73
|2 22
|
| 100 |
1 |
|
|a Cooke, Alistair,
|d 1908-2004.
|
| 245 |
1 |
4 |
|a The American home front, 1941-1942 /
|c Alistair Cooke.
|
| 250 |
|
|
|a 1st American ed.
|
| 264 |
|
1 |
|a New York :
|b Atlantic Monthly Press :
|c [2006]
|
| 264 |
|
2 |
|a New York :
|b Distributed by Publishers Group West,
|
| 264 |
|
4 |
|c ©2006
|
| 300 |
|
|
|a xx, 327 pages :
|b illustrations, map ;
|c 24 cm.
|
| 336 |
|
|
|a text
|b txt
|2 rdacontent
|
| 337 |
|
|
|a unmediated
|b n
|2 rdamedia
|
| 338 |
|
|
|a volume
|b nc
|2 rdacarrier
|
| 500 |
|
|
|a Includes index.
|
| 500 |
|
|
|a Map on lining papers.
|
| 505 |
0 |
0 |
|t Acknowledgements --
|t Foreword --
|t Introduction to a war --
|t A passport to the people --
|t Through the Appalachians to the pioneers --
|t Deep down South --
|t The Gulf Coast --
|t The Southwest --
|t Westward the course of empire --
|t The Pacific Northwest --
|t The Great Plains --
|t From wheat to steel --
|t The rise and fall of New England --
|t Epilogue: four months in 1945 --
|t Envoi --
|t Index.
|
| 520 |
|
|
|a Shortly after the bombing of Pearl Harbor, Cooke, a newly naturalized citizen, set out to see his country as it was undergoing a monumental change. He wanted to "see what the war had done to people, to the towns I might go through, to some jobs and crops, to stretches of landscape I loved and had seen at peace; and to let significance fall where it might." Working throughout the war, Cooke finished the manuscript as the atomic bomb was being dropped on Hiroshima. His publisher at the time thought there would be little interest in books on the war, and so it was stuffed in a closet for almost sixty years, until shortly before Cooke's death. Meanwhile, he had become one of the most widely read chroniclers of America, and his record of a lost country are captivating.--From publisher description.
|
| 651 |
|
0 |
|a United States
|x Social life and customs
|y 1918-1945.
|
| 651 |
|
0 |
|a United States
|x Social conditions
|y 1933-1945.
|
| 651 |
|
0 |
|a United States
|x History
|y 1933-1945.
|
| 650 |
|
0 |
|a World War, 1939-1945
|z United States.
|
| 600 |
1 |
0 |
|a Cooke, Alistair,
|d 1908-2004
|x Travel
|z United States.
|
| 938 |
|
|
|a Baker & Taylor
|b BKTY
|c 24.00
|d 18.00
|i 0871139391
|n 0006673516
|s active
|
| 945 |
|
|
|i PromptCat
|
| 947 |
|
|
|a A14834116076
|
| 948 |
|
|
|a cataloged
|b h
|c 2006/6/6
|d c
|e achopde
|f 9:38:05 am
|
| 994 |
|
|
|a 92
|b TXA
|
| 999 |
|
|
|a MARS
|
| 999 |
f |
f |
|s 34cefa5f-ed72-3ab7-a4ce-5276a6d3058a
|i fda05840-0845-3b1c-baee-5ccbce6d3df2
|t 0
|
| 952 |
f |
f |
|p normal
|a Texas A&M University
|b College Station
|c Sterling C. Evans Library
|d Evans: Library Stacks
|t 0
|e E169 .C7495 2006
|h Library of Congress classification
|i unmediated -- volume
|m A14834116076
|
| 998 |
f |
f |
|a E169 .C7495 2006
|t 0
|l Evans: Library Stacks
|